000 00326nam a2200121Ia 4500
008 220204s9999 xx 000 0 und d
082 _a054
_bHUG
100 _aCollege, Ventura
245 0 _aChemistry: Ideas to interpret your changing environment
260 _aEncino
_bDickenson
_c1975
700 _aHughes, Tom
942 _cBK
999 _c31955
_d31955